Un verso per una canzone - The Beatles - Statistics

Statistiche generali
  • Questo quiz è stato fatto 21 volte
  • Il punteggio medio è 7 su 20
Statistiche sulle risposte
Verso Titolo della canzone % Corretto
In the town where I was born Yellow Submarine
75%
I'm not half the man I used to be Yesterday
75%
Remember to let her into your heart Hey Jude
70%
And when the broken-hearted people Let It Be
70%
My independence seems to vanish in the haze Help!
65%
The pretty nurse is selling poppies from a tray Penny Lane
45%
Wearing the face that she keeps in a jar by the door Eleanor Rigby
35%
Sont des mots qui vont très bien ensemble Michelle
35%
Pools of sorrow, waves of joy are drifting through my opened mind Across The Universe
30%
I should be sleeping like a log A Hard Day’s Night
30%
Well, she was just seventeen I Saw Her Standing There
25%
Where rocking horse people eat marshmallow pies Lucy In The Sky With Diamonds
25%
Four thousand holes in Blackburn, Lancashire A Day In The Life
20%
In our little hideaway beneath the waves Octopus's Garden
20%
I'll buy you a diamond ring my friend Can't Buy Me Love
15%
Hold your head up you silly girl Martha My Dear
15%
Only to find Gideon's Bible Rocky Raccoon
15%
Cool cherry cream, nice apple tart Savoy Truffle
15%
You can get married in Gibraltar, near Spain The Ballad Of John And Yoko
15%
And so I quit the police department She Came In Through The Bathroom Window
10%
Nessun quiz corrispondente trovato
Distribuzione punteggi
Percentuale di utenti per punteggio
Percentile per numero di risposta
I tuoi punteggi nel tempo
Non hai fatto questo quiz